|
|
|
แสดงรายละเอียดบรรณานุกรม |
|
|
Brief Record
: Get Marc (ISO 2709)
: E-mail record
: |
|
|
| LEADER 00000nam 2200000uu 4500 | |||
| 001 54130 | |||
| 003 ULIBM | |||
| 008 230531s||||||||th 000 0 tha d | |||
| 020 ^a^a978616184074 ล.1 | |||
| 082 0 ^aน ^bซ - ด | |||
| 100 0 ^aซาพคอฟสกี,อันเดรย์ | |||
| 245 00 ^aThe Witcher I สายเลือดแห่งแอลฟ์/^c อันเดรย์ ซาพคอฟสกี | |||
| 250 ^aพิมพ์ครั้งแรก | |||
| 260 ^aกรุงเทพฯ:^bแพรว,^c2564 | |||
| 300 ^a400 หน้า 395 บาท | |||
| 440 ^aThe Witcher | |||
| 500 ^aเนื้อเรื่องภาษาไทยแปลจากภาษาอังกฤษภาคหลักมีทั้งหมด 5 เล่ม | |||
| 541 ^a395 บาท | |||
| 700 0 ^aธนพร ภู่ทอง^eผู้แปล | |||
| 999 ^ananthaya | |||
| คุณยังไม่ได้ล็อกอิน คุณสามารถมีกิจกรรมร่วมกับเว็บไซต์ได้ แต่ต้องล็อกอินก่อน :: |
|
| สถานะ | |||||||||
| 1. | หนังสือ | น ซ - ด ล.1 Barcode: 085179 | ►นวนิยาย | On Shelf ขอยืม | |||||
| [แสดง 1/1 รายการ] | |||||||||

BibComment |
| คอมเมนท์ทรัพยากรรายการนี้ |
|
|
ห้องสมุดโรงเรียนสามัคคีวิทยาคม
159 ถ.บรรพปราการ ต.เวียง อ.เมือง จ.เชียงราย 57000
โทร. 053-711018 โทรสาร 053-713003